The First Filipino : (Record no. 292241)
[ view plain ]
| 000 -LEADER | |
|---|---|
| fixed length control field | 00398nam a2200157Ia 4500 |
| 008 - FIXED-LENGTH DATA ELEMENTS--GENERAL INFORMATION | |
| fixed length control field | 160319s9999 xx 000 0 und d |
| 050 ## - LIBRARY OF CONGRESS CALL NUMBER | |
| Classification number | 920.71 |
| 050 ## - LIBRARY OF CONGRESS CALL NUMBER | |
| Item number | R627f 2003 |
| 100 ## - MAIN ENTRY--PERSONAL NAME | |
| Personal name | Guerrero, Leon Maria. |
| 245 #4 - TITLE STATEMENT | |
| Title | The First Filipino : |
| 245 ## - TITLE STATEMENT | |
| Remainder of title | a biography of Jose Rizal / |
| 245 ## - TITLE STATEMENT | |
| Statement of responsibility, etc | Leon Maria Guerrero. |
| 260 ## - PUBLICATION, DISTRIBUTION, ETC. (IMPRINT) | |
| Name of publisher, distributor, etc | Bookmark Inc. |
| 260 ## - PUBLICATION, DISTRIBUTION, ETC. (IMPRINT) | |
| Date of publication, distribution, etc | 1997 |
| 300 ## - PHYSICAL DESCRIPTION | |
| Extent | 448 pages : |
| Withdrawn status | Lost status | Damaged status | Home library | Current library | Shelving location | Date acquired | Total Checkouts | Full call number | Barcode | Date last seen | Price effective from | Koha item type |
|---|---|---|---|---|---|---|---|---|---|---|---|---|
| Stonyhurst Southville International School (Batangas) | Stonyhurst Southville International School (Batangas) | Filipiniana Section | 03/19/2016 | Fil 920.71 R627f 2003 | US 0372 | 03/19/2016 | 03/19/2016 | Books |